000 00367nam a2200157Ia 4500
008 210210b1958 xxu||||| |||| 00| 0 eng d
041 _aeng
082 _a829/229
100 _aCRONIN (A J)
245 _anorthern light
260 _aLondon
_bVictor Gollancz Ltd.,
_c1958
650 _anorthern
650 _alight
690 _aEnglish Fiction
906 _a016836
999 _c136532
_d136532